Geography Quiz / Just Read the Map III

Random Geography or North America Quiz

Results

Quiz Updated Oct 1, 2012

Challenge
Share
Tweet
Score 0/16 Timer 04:00
1 Play Today
# City % Correct
4Boston
84.9%
1Seattle
78.8%
3Little Rock
76.6%
5Nashville
72.2%
2Toronto
67.5%
6Los Angeles
67.2%
13Mexico City
63.9%
11Chicago
62.3%
# City % Correct
16Montreal
55.4%
7Kingston
55.3%
14Cincinnati
54.8%
9Calgary
51.8%
12Pittsburgh
47.2%
8Baltimore
38.2%
10Anchorage
33.5%
15Charlottesville
22.5%
 
Number % Answered
16 (all)
9.3%
14-15
12.9%
12-13
14.6%
10-11
14.2%
8-9
13.4%
6-7
11.9%
4-5
10.2%
2-3
8.6%
1-1
4.8%

You're not logged in!

Compare scores with friends on all Sporcle quizzes.
Sign Up with Email
OR
Log In

You Might Also Like...

Show Comments

Extras


Your Account Isn't Verified!

In order to create a playlist on Sporcle, you need to verify the email address you used during registration. Go to your Sporcle Settings to finish the process.